Movie Characters Quiz #4 - Statistics

General Stats
  • This quiz has been taken 228 times
  • The average score is 9 of 24
Answer Stats
Hint Answer % Correct
Katniss Everdeen Hunger Games
93%
Jiminy Cricket Pinocchio
78%
Andy Dufresne Shawshank Redemption
75%
Dr. Octopus Spider-Man
65%
EVE WALL-E
64%
Serena Williams King Richard
46%
Rose DeWitt Bukater Titanic
45%
Anton Chigurh No Country For Old Men
44%
Eliza Doolittle My Fair Lady
40%
John Coffey The Green Mile
38%
Vladimir Harkonnen Dune
37%
Rick Deckard Blade Runner
36%
Silent Bob Clerks
36%
Col. Nathan R. Jessep A Few Good Men
27%
Alex DeLarge Clockwork Orange
27%
Władysław Szpilman The Pianist
22%
Virginia Woolf The Hours
21%
Bridget von Hammersmark Inglourious Basterds
20%
Raymond Babbitt Rain Man
19%
Ennis Del Mar Brokeback Mountain
18%
Manfred ("Manny") Ice Age
14%
Dr. Mark Watney The Martian
14%
Adrian Cronauer Good Morning, Vietnam
11%
Will Kane High Noon
3%
No matching quizzes found
Score Distribution
Percent of People with Each Score
Percentile by Number Answered
Your Score History
You have not taken this quiz